00341 2200145 4500245005700000250001100057100002000068650001600088650001700104005001900121260001800140041001400158084001400172336000900186 aAku yang Tumbuh Bersama WaktucKayla SalsabilahText aCet. 1 aKayla Salsabila aKarya Siswa aAutobiografi a20250520110655 aJakartac2025 aIndonesia a081 KAY a atext